[Event "Yongchuan zt 3.3"]
[Site "Yongchuan"]
[Date "2003.07.17"]
[Round "6"]
[White "Xu, Jun"]
[Black "Wang, Rui"]
[Result "1-0"]
[WhiteElo "2626"]
[BlackElo "2481"]
[Annotator "Golod,V"]
[PlyCount "77"]
[EventDate "2003.07.11"]
[EventType "tourn"]
[EventRounds "11"]
[EventCountry "CHN"]
[EventCategory "12"]
[SourceTitle "CBM 097"]
[Source "ChessBase"]
[SourceDate "2003.11.11"]
[SourceVersion "1"]
[SourceVersionDate "2003.11.11"]
[SourceQuality "1"]

1. d4 Nf6 2. c4 e6 3. Nc3 Bb4 4. Qc2 O-O 5. a3 Bxc3+ 6. Qxc3 b5 7. cxb5 c6 8.
Bg5 cxb5 9. e3 Bb7 10. Nf3 (10. f3 {See comments to Kramnik,V-Adams,M/Dortmund,
1998/CBM 66(1/2-1/2)(Golod,V)(41)}) 10... a6 ({Leads to more interesting game:
} 10... h6 $5 {You can see comments to Seirawan,Y-Shabalov,A/Seattle,2000/CBM
80(1-0)(Golod,V)(30)}) 11. Bd3 {In my opinion,this continuation is much better,
than: 11.Be2} h6 {Also repeatedly were checked up in previous games:11...Qc8;
11...Nc6; 11...d6 and 11...Bxf3.} 12. Bh4 ({Leads to absolutely equality:} 12.
Bxf6 $6 Qxf6 {[%csl Rf3][%cal Gb7f3]}) 12... d6 {[%cal Yb8d7]} ({Also were
checked in the preceding games:} 12... Nc6) 13. O-O Nbd7 14. Rfc1 $5 $146 {
[%csl Rc7][%cal Gc3c7]} ({On:} 14. a4) ({or} 14. Qb4 {you can find two games 
(in each continuation)}) ({and after:} 14. Bg3) (14. Nd2) ({or} 14. Rfd1 {
you can find only one game (in each continuation) in Mega Database 2003.})
14... Rc8 $140 15. Qb4 {[%csl Ra6,Gb4,Rb5,Rd6] From here White's queen can
press on the centre and queen side.} Qb6 $6 {It not the best place for Black's
queen.} ({In this position I would accept the following decision:} 15... Rxc1+
$5 16. Rxc1 Qb8 {[%csl Yb8][%cal Yb8d6]} 17. Bg3 $140 e5 (17... Ne8 $143 18. e4
$14 {[%csl Gd4,Ge4]}) 18. Ne1 Nh5 {[%csl Rg3] +/=/=}) 16. Bg3 $14 {[%csl Gb4,
Rd6,Gg3]} Be4 {Black wants to worsen a location of the White's bishop "d3" and
only then to take on "f3". From my point of view,it was not necessary to make
this intermediate move.} (16... Bxf3 $142 17. gxf3 e5 18. a4 $14) 17. Be2 {
[%csl Ra6,Rb5,Rd6][%cal Ga3a4]} {Black can not simultaneously protect all
weaknesses and consequently should agree to the next positional concession:}
Bxf3 ({After:} 17... d5 18. Ne5 Nxe5 19. Bxe5 Nd7 20. Bg3 {White has a big
positional advantage.} (20. Bd6 $4 a5 {[%csl Yb4,Rd6][%cal Gb6d6,Ga5b4]})) 18.
gxf3 {[%csl Rd6,Yd7,Ge2,Yf6,Gg3] BB/NN} (18. Bxf3 $143 d5 {[%csl Rg3][%cal
Yf6e4,Ge4g3]}) 18... e5 ({I do not think that it was much better:} 18... d5 19.
b3 $14 {[%csl Ra6,Rb5][%cal Ga3a4]} ({leads to favourable simplifications for
Black:} 19. a4 $6 bxa4 20. Qxb6 Nxb6 21. Bxa6 Rxc1+ 22. Rxc1 Ra8 23. Bd3 (23.
Bb5 Ra5 24. Bd3 {+/=/=}) 23... Nc4 24. Rc2 {+/=/=} (24. Bxc4 $6 Rc8 $13 {
[%csl Rc1][%cal Gc8c4]}))) 19. dxe5 dxe5 ({Very weakly:} 19... Nxe5 20. a4 {
[%csl Rb6]} Nd5 21. Qd2 Nf6 22. axb5 axb5 23. Qb4 $16) 20. a4 {[%csl Ra6,Rb5]
White perfectly use weakness of the Black's pawns on the queen side.} Rxc1+ (
20... Nh5 $2 21. axb5 Nxg3 22. hxg3 axb5 23. Qxb5 $16) (20... Nd5 $6 21. Qb3
Nc7 22. axb5 axb5 23. f4 $36 {[%csl Ge2,Yg3]}) 21. Rxc1 Rb8 22. axb5 axb5 23.
Ra1 $1 {[%csl Rb5][%cal Ga1a5] The game of White corresponds to the
requirements of a position.} ({Leads to favourable complications for Black:} 
23. f4 $6 Nd5 $1 24. Qb3 $140 exf4 $1 25. Qxd5 Nf6 {[%csl Rd5,Rg3]} 26. Qd4
Qxd4 (26... fxg3 $4 27. Rc8+ {[%csl Rb6,Yb8,Gc8,Gd4,Rg8]} Kh7 $8 28. Bd3+ g6
29. Rxb8 {[%csl Rf6]} Qxb8 (29... gxh2+ $144 30. Kh1 Qxb8 31. Qxf6) 30. Qxf6
gxh2+ 31. Kg2 $18) 27. exd4 fxg3 28. hxg3 Rd8 {[%csl Rd4]} 29. Bxb5 Rxd4 30.
Rc2 $14) 23... Qc7 {A little bit passive continuation.} (23... Nd5 $142 24. Qd2
(24. Qa5 $5) 24... Qc6 25. Ra7 $36) 24. Rd1 ({Again I can not recommended in
this position:} 24. f4 $6 {[%csl Rb8,Rc7,Yg3] because of:} Nd5 {[%csl Rb4]
[%cal Ge5f4]} 25. Qa5 $140 Qc2 $1 {[%csl Rb2,Re2]} (25... Qxa5 $143 26. Rxa5
exf4 27. exf4 $14 {[%csl Rb5]}) 26. fxe5 (26. Bxb5 $6 exf4 27. exf4 Nc5 $44)
26... Qxe2 27. e6 {[%csl Rb8,Rd7]} fxe6 28. Bxb8 Nxb8 29. Qd8+ Kh7 30. Qxb8
Qxb2 $44 {[%csl Yd5][%cal Yb5b4,Yb2g7]}) 24... Qc2 25. Kf1 {[%csl Yf1][%cal
Yf1e2]} ({Also deserves attention:} 25. Rd2 Qc1+ (25... Qa4 26. Qd6) 26. Kg2
Qc6 27. Rd6 Qb7 $14) 25... Qa4 $2 {Probably this mistake connected to the
tactical miscalculation.} ({It was necessary:} 25... Rb6 $5 26. Ke1 Qc6 $14 {
[%csl Rb5,Yb6,Yc6][%cal Yb6b5,Yc6b5]}) 26. Qd6 {[%csl Re5]} Re8 (26... Rc8 $142
27. Bxe5 Nxe5 28. Qxe5 b4 {+/=/+/-}) ({Badly:} 26... e4 $2 {in view of:} 27.
Qc6 {[%csl Rb5,Rb8,Rd7]}) 27. Qc6 {[%csl Rb5,Rd7]} Nf8 (27... Rb8 $2 28. Rxd7
Nxd7 29. Qxd7 Qa1+ 30. Kg2 Qxb2 31. Bd3 {[%csl Rf7,Rg8][%cal Yd3e4,Ye4d5,Gd7f5]
} Qc3 (31... b4 $143 32. Qf5 {[%csl Re5][%cal Gf5h7]}) 32. Qd6 $18 {[%csl Rb5,
Rb8,Gd3,Gd6,Re5,Gg3] and so on:} Rc8 33. Bxe5 Qc5 34. Qd7 b4 35. Qg4 {[%csl
Rc8,Rg7]} g5 (35... g6 $2 36. Bxg6 fxg6 37. Qxg6+ Kf8 38. Bd6+) 36. Bd4 Qc7 37.
h4) 28. Rc1 $1 $16 {<->c;><c5 White correctly do not hasten to take away of
the pawn "b5" and, for the beginning, improves a location of their pieces.} (
28. Qxb5 $143 Qxb5 29. Bxb5 Rb8 30. Bd3 Rxb2 31. Bxe5 Rb6 32. Rc1 $16 {_|_})
28... Ng6 {The rather doubtful decision,but is very difficult to give good
advice:} (28... N8d7 29. Qxb5 (29. Bd3 $5 $16 {[%cal Gd3f5]}) 29... Qxb5 30.
Bxb5 Rb8 31. Bxd7 Nxd7 32. Rc7 {[%csl Yd7,Re5,Gg3][%cal Gg3e5,Ye5b2,Yc7d7,
Yd7e5]} Rd8 33. b4 $16) 29. Qxb5 Qa8 30. b4 {[%csl Gb4]} h5 {Wang Rui had a
rather uneasy choice between it and another continuation:} (30... Rb8 31. Qc4
Nh5 32. b5 {[%csl Gb5,Yc4,Ye2]}) 31. h4 e4 32. Qc6 $1 {/^a8-h1 The accuracy is
necessary up to the end.} Qd8 (32... Qa3 33. b5 Ne5 34. Bxe5 Rxe5 35. b6 $18 {
[%cal Gb6b7,Gb7b8]}) 33. b5 exf3 34. Bxf3 Qd3+ 35. Be2 Qf5 36. b6 $18 {The
rest is the matter of technics.} Nxh4 37. b7 ({A little worse is:} 37. Bxh4
Qh3+ 38. Ke1 Qxh4 39. b7 {[%csl Ye8][%cal Gc6e8,Gb7b8]} Qb4+ 40. Kf1 $18) 37...
Qh3+ 38. Kg1 Kh7 (38... Nf5 39. Qxe8+ Nxe8 40. b8=Q) 39. Qh1 $1 {[%csl Rh4]
[%cal Gb7b8]} 1-0

[Event "Budapest FS02 GM"]
[Site "Budapest"]
[Date "2000.02.13"]
[Round "9"]
[White "Hoang, Thanh Trang"]
[Black "Volzhin, Alexander"]
[Result "1/2-1/2"]
[WhiteElo "2448"]
[BlackElo "2548"]
[Annotator "Golod,V"]
[PlyCount "74"]
[EventDate "2000.02.05"]
[EventType "tourn"]
[EventRounds "13"]
[EventCountry "HUN"]
[EventCategory "9"]
[SourceTitle "CBM 076"]
[Source "ChessBase"]
[SourceDate "2000.05.31"]
[SourceVersion "1"]
[SourceVersionDate "2000.05.31"]
[SourceQuality "1"]

1. d4 Nf6 2. c4 e6 3. Nc3 Bb4 4. Qc2 O-O 5. a3 Bxc3+ 6. Qxc3 Ne4 7. Qc2 f5 8.
e3 $5 ({Other lines are:} 8. g3 $5 {See comments to Virovlansky,S-Ibragimov,I/
Nizhnij Novgorod,1998/CBM 66(0-1) (Golod,V) (54)}) ({and} 8. Nh3 $5 {See
comments to Dragomarezkij,E-Malinin,Y/Moscow,1999/ CBM 70(1-0) (Golod,V)(41)})
8... b6 9. Bd3 {[%mdl 4] Unassuming move which is not giving special advantage.
Besides, white has three alternatives:} (9. Ne2 $5 {(and also 8...c5) you cand
find in annotations to game:Kruppa,Y-Nosenko,A/Donetsk, 1998/CBM 68(1-0)(Golod,
V)(48)}) (9. Nf3) ({and} 9. Nh3) 9... Bb7 10. Ne2 $5 ({Dubious:} 10. f3 {
in view of:} Qh4+ 11. g3 $140 Qf6 {See comments to Alterman,B-Sokolov,I/
Tilburg,1994/CBM 44(0-1)(Dautov,R)(40)}) ({Other possibilities are:} 10. Nf3 {
See comments to Khatov,A-Malinin,Y/ Novgorod,1997/CBM60(1-0)(Tsesarsky,I) (50)}
) ({and} 10. Nh3) 10... Qh4 $1 {It's best move!} (10... d6 $143) (10... Nf6
$143) ({and} 10... d5 $6 {-was checked in the previous games.}) 11. O-O ({
Another alternative is:} 11. Ng3 {See Candela Perez,J-Pogorelov,R/Albacete,
1997/Inf 70/497 (0-1)(Pogorelov,R)(37)}) 11... Rf6 {[%csl Rh2][%cal Gf6h6]} 12.
f3 ({It deserves attention:} 12. d5 $5 Rh6 (12... exd5 $5) 13. h3 Na6 14. b4
Rf8 15. Bxe4 $6 (15. Nd4 $5) 15... fxe4 16. dxe6 dxe6 17. Bb2 $14 {Gladyszev,
O-Anka,E/Budapest,1996(0-1) (32)}) 12... Rh6 13. h3 ({Impossibly:} 13. fxe4 {
because of:} fxe4 $1 {[%csl Rd3,Rh2]} (13... Qxh2+ $2 14. Kf2 fxe4 15. Bxe4
Qh4+ 16. Ng3 Rf6+ (16... d5 $2 17. Rh1 Qf6+ 18. Bf3 $18) 17. Kg1 (17. Bf3 $4
Rxf3+ 18. gxf3 Qh2+ {[%csl Rc2]}) (17. Ke2 $5) 17... Rxf1+ (17... Bxe4 $2 18.
Qxe4 Qxg3 19. Qxa8 $18) 18. Kxf1 d5 19. cxd5 Qxg3 $13 (19... exd5 $4 20. Qxc7
Ba6+ 21. Kg1 dxe4 22. Nf5 Qf6 23. Ne7+ Kf8 $8 24. Qd8+ Kf7 25. Qd5+ Kxe7 26.
Qxe4+ $18)) 14. h3 exd3 15. Qxd3 Bxg2 $1 16. Kxg2 Qxh3+ 17. Kf2 $8 Rf6+ $1 18.
Nf4 $140 Rxf4+ $19 {[%csl Rd3,Gh3]}) 13... Ng5 ({Dubious:} 13... d6 {in view
of:} 14. d5 Ng3 15. Nxg3 Qxg3 16. Qf2 $14 {Kaszowski,D-Liwak,P/Czestochowa,
1998 (1-0)(59)}) 14. e4 {[%csl Gc1,Rg5,Rh6][%cal Gc1h6]} ({Very badly:} 14. Nf4
{(Pogorelov,R) because of:} Qg3 15. Kh1 (15. e4 $142 Nc6 $17) 15... Bxf3 $1 16.
Rxf3 Nxf3 17. gxf3 g5 $19) 14... Nc6 15. Bxg5 $5 ({In my opinion much worse is:
} 15. d5 {in view of:} Rg6 $1 {[%csl Rg1][%cal Gg5h3]} ({loses right away:} 
15... Ne5 $4 16. Bxg5 Qxg5 17. f4) ({and} 15... fxe4 $4 16. dxc6 Bxc6 (16...
exd3 $2 17. cxb7 {[%csl Ra8]}) (16... exf3 $2 17. cxb7 Rf8 18. Bxg5 Qxg5 19.
Rxf3 {[%csl Gb7]}) 17. Bxg5 exd3 18. Bxh4 dxc2 19. Bf2 $18) 16. Kh2 Ne5 17. Nf4
Rf6 $15) 15... Qxg5 16. Qc1 Qh4 $5 $146 ({It also deserves attention:} 16... f4
$5 {Hoang Th Trang-Vincze,I/Hungary,1997 (1/2-1/2)(16)}) ({After:} 16... Qxc1
17. Raxc1 {white has a slight advantage in the endgame.}) 17. Qe3 {[%csl Ye3]
[%cal Ye3d4,Ge4f5]} Rf8 $11 ({Senselessly:} 17... e5 18. d5 f4 19. Qf2 Qxf2+
20. Kxf2 $14 {()}) 18. exf5 (18. f4 $6 fxe4 19. Bxe4 Na5 {=/=/+}) ({Probably
could be recomended:} 18. e5 $13) 18... exf5 19. d5 f4 20. Nxf4 $6 ({Also
dubious:} 20. Qe4 {because of:} Nd8 21. Nd4 Qg5 $36 {with the idea 22...Rxh3
or 22...Ne6}) ({Most probably equality after:} 20. Qf2 Ne5 21. Qxh4 Rxh4 22.
Rfd1 Re8 23. Kf2 a5) 20... Qxf4 ({From my point of view better is:} 20... Rxf4
$5 21. dxc6 Bxc6 {[%cal Gh6e6] =/=/+ /\22...Qg3 and 23...Rxh3 or 22...Re6<->e})
21. Qxf4 Rxf4 22. dxc6 Bxc6 {[%mdl 4096]} 23. Rf2 {[%csl Yf2][%cal Yf2c2]} ({
Weakly:} 23. Rfe1 {because of:} Rd6 24. Rad1 Ba4 $1 (24... Rfd4 $143 25. Be2
Rxd1 26. Rxd1 Rxd1+ 27. Bxd1 $11) 25. Rd2 Rfd4 26. Re3 Kf8 $15 {[%csl Yd2,Rd3,
Gd4,Gd6,Ye3]}) 23... Rd6 24. Bf1 Kf7 {=/=/+} ({A little worse is:} 24... Re6
25. Rd1 (25. Re2 $5) 25... g5 26. b4 d6 $11) 25. Re1 Re6 26. Rxe6 ({Dubious:} 
26. Rfe2 {[%csl Rc4,Yf1] in view of:} Rd4 $1 (26... Rxe2 $143 27. Bxe2 Rd4 28.
Rd1 $11) 27. Kf2 Rxe2+ 28. Bxe2 Rd2 $15) 26... Kxe6 27. Re2+ Kf7 (27... Kd6
$144 28. Rd2+ Ke5 29. Re2+ Kf6 (29... Kd4 $2 30. Re7 {[%csl Rg7,Rh7]}) 30. Rd2
$11) 28. Rd2 $11 g5 29. Kf2 h5 30. Ke3 Ke6 {Black's plan is: Ke5 and g4} 31.
Bd3 Ke5 32. Re2 a5 {[%cal Ga5a4]} 33. Kd2+ ({Probably a little better is:} 33.
Bg6 $5 h4 $140 (33... Rxc4 $4 34. Kd3+ Kf6 (34... Kd5 $2 35. Bf7+ {[%csl Rc4]})
35. Kxc4 Kxg6 36. b4 $16) (33... Kf6 34. Bd3) 34. Kd3+ Kf6 35. Be4 $11) 33...
Kd4 34. Re3 {/\ Be2 and Rd3+ or Rd7} g4 35. Be2 ({Can be recommended:} 35. fxg4
$5 hxg4 36. Rg3 gxh3 37. gxh3 $11) 35... gxf3 36. gxf3 a4 37. Re7 {[%csl Rc7,
Rd7,Ge7,Rh5][%cal Ge7h7]} Rf6 (37... Rh4 38. Bf1 $11 {[%csl Rd7]}) 1/2-1/2

[Event "Selfoss Milk Masters 1st"]
[Site "Selfoss"]
[Date "2002.10.11"]
[Round "4"]
[White "Sokolov, Ivan"]
[Black "Kristjansson, Stefan"]
[Result "1-0"]
[WhiteElo "2684"]
[BlackElo "2431"]
[Annotator "Golod,V"]
[PlyCount "59"]
[EventDate "2002.10.08"]
[EventType "tourn"]
[EventRounds "9"]
[EventCountry "ISL"]
[EventCategory "12"]
[SourceTitle "CBM 092"]
[Source "ChessBase"]
[SourceDate "2003.02.06"]
[SourceVersion "1"]
[SourceVersionDate "2003.02.06"]
[SourceQuality "1"]

1. d4 e6 2. c4 Nf6 3. Nf3 b6 4. Nc3 Bb4 5. Qc2 Bb7 6. a3 Bxc3+ 7. Qxc3 Ne4 (
7... O-O {See comments to Anand,V-Adams,M/Tilburg,1998(1-0)(Golod,V)(32).}) 8.
Qc2 f5 9. e3 O-O 10. Be2 d6 11. O-O Nd7 {Another variant is coming to this
position: 3.Nc3 Bb4 4.Qc2 0-0 5.a3 Bxc3 6.Qxc3 d6 and so on.} 12. b4 Rf6 $5 {
Besides,black has two principales options:} (12... Qf6 $5 {See comments to
Sokolov,I-Van der Wiel,J/Wijk aan Zee,1993/CBM 34(0-1)(Ftacnik,L)(33)}) ({and} 
12... a5 {See comments to Sokolov,I-Xu Jun/Biel,1993/CBM 37(1-0)(Ambroz)(62)})
13. d5 {Sample idea.By the price of sacrificing a pawn,white are opening a
diagonals and lines for their pieces.} exd5 ({It was interestingly:} 13... Rg6
$5 {See comments to Postny,E-Gershon,A/Ramat Aviv/Modiin,2000/CBM 81(0-1)
(Gershon,A)(34)}) 14. Bb2 Rg6 {If I would play for black I would prefer:} (
14... Rh6 $5 {See my commments to game: Postny,E-Psakhis,L/Ramat,Aviv/Modiin,
2000/CBM 81(1/2-1/2)(25)}) 15. Rad1 $146 {This move is much better,than:} (15.
cxd5 Bxd5 16. Bc4 Bxc4 17. Qxc4+ Kh8 18. Qf7 Qe8 19. Qxf5 Qe7 20. Ne5 Nxe5 21.
Qxe4 Re8 {+/=/=;1/2-1/2 Varga,P-Palkovi,J/Budapest,1995(21)}) 15... dxc4 16.
Bxc4+ Kh8 17. Bd5 $1 $14 {It was necessary to exclude white square bishop of
black from the game.} c6 $6 {Strategical risky decision,even despite,that
after exchange of bishops:} (17... Bxd5 18. Rxd5 $14 {[%csl Rf5] it is
impossible to protect a pawn "f5".}) 18. Bxc6 (18. Bxe4 $143 fxe4 19. Qxe4 d5
20. Qf4 $14) 18... Rc8 19. b5 Ng5 $6 ({I can recommend:} 19... a6 $14) 20. Qxf5
({Also good enough:} 20. Nd4 $5) 20... Bxc6 21. bxc6 Rxc6 22. Nh4 $1 Rh6 $8 {
Now black pieces holds pretty lubberly positions.} (22... Re6 $4 {is refuted
by:} 23. f4 Rc5 24. Rd5 $18 Rxd5 25. Qxd5 {[%csl Gd5,Re6,Yg5][%cal Yg5e6]}) 23.
g3 ({It does not look bad:} 23. f4 $5 Ne6 (23... Rxh4 $2 24. fxg5 {[%csl Gf1,
Rh8][%cal Gf5d7]}) 24. Nf3) 23... Rc5 24. Rd5 Ne6 ({It is hardly better:} 24...
Rxd5 25. Qxd5 Nc5 26. Nf5 Rg6 27. Rd1 $16) 25. Rfd1 Qe8 26. Qe4 $16 {Position
of black is obviously deteriorating.} Rxd5 $6 ({It was a little better:} 26...
Nf6 27. Bxf6 Rxf6 28. Rxd6 Kg8 $16) 27. Qxd5 Nec5 ({It is also does not help:} 
27... Nf6 28. Qxd6 Ne4 29. Qd7 Qf8 30. Nf5 $1 $18 Qxf5 $140 $4 31. Qxg7+ $1
Nxg7 32. Rd8+) 28. Nf5 $18 {[%csl Rd6,Rg7]} Rg6 29. Nxd6 Qe6 {It is last
mistake in hopeless position.} 30. Qa8+ (30. Qa8+ Qg8 31. Nf7#) 1-0

[Event "Poikovsky Karpov 07th"]
[Site "Poikovsky"]
[Date "2006.03.26"]
[Round "8"]
[White "Sokolov, Ivan"]
[Black "Shirov, Alexei"]
[Result "1/2-1/2"]
[WhiteElo "2689"]
[BlackElo "2709"]
[Annotator "Golod,V"]
[PlyCount "67"]
[EventDate "2006.03.18"]
[EventType "tourn"]
[EventRounds "9"]
[EventCountry "RUS"]
[EventCategory "18"]
[SourceTitle "CBM 112"]
[Source "ChessBase"]
[SourceDate "2006.06.07"]
[SourceVersion "1"]
[SourceVersionDate "2006.06.07"]
[SourceQuality "1"]

1. d4 Nf6 2. c4 e6 3. Nc3 Bb4 4. Qc2 O-O 5. a3 Bxc3+ 6. Qxc3 b6 7. Bg5 Bb7 8.
e3 d6 9. Ne2 Nbd7 10. Qd3 {This continuation became popular lately after the
game Kasparov,G -Grischuk,A/EUCuo 19th, Rethymnon,2003.} Ba6 11. Nc3 d5 12. Qc2
h6 13. Bh4 Bxc4 14. Bxc4 dxc4 15. Qa4 c5 16. Rd1 ({This leads to a small
advantage for White:} 16. Qxc4 cxd4 17. Qxd4 Nc5 18. Bxf6 Qxf6 19. Qxf6 gxf6
20. O-O-O Rfc8 $1 21. Kb1 f5 22. Rd4 $14 {Ivanchuk,V-Kasparov,G/Rethymnon,2003
(1/2-1/2)(41)}) 16... Qc8 17. O-O $5 $146 {This is an important move to
strengthen the position and was recommended by Suat Atalik in the below
mentioned game with Alik Gershon. After this move White has a small but solid
advantage.} (17. Qxc4 $143 cxd4 18. Qxc8 Raxc8 19. Rxd4 Ne5 20. Bxf6 gxf6 21.
Kd1 Rfd8 22. Rxd8+ Rxd8+ 23. Kc2 f5 24. Rd1 Rxd1 25. Nxd1 $11 {Atalik,
S-Gershon,A/Athens,2004/CBM 103 ext(1/2-1/2)(62)}) 17... Qb7 {[%csl Ya8,Yf8]
[%cal Yf8a8,Ya8f8] The idea of this move - to connect the rooks.} ({The
recommendation of GM Atalik does also not lead to equality:} 17... cxd4 $6 18.
Rxd4 Ne5 $140 19. Bxf6 gxf6 20. f4 Ng4 21. Rf3 f5 22. Rxc4 ({or} 22. h3 $5 Nf6
23. Rxc4 $14) 22... Qd8 23. h3 Nf6 24. e4 $14) 18. Qxc4 $14 Rac8 (18... cxd4 $6
19. Qxd4 {/\e4 ()}) 19. Qe2 c4 $6 {A dubious decision. Alexei Shirov "invites"
White to start an attack on the kingside, thinking he could retaliate all the
threats. At the same time, he advances the pawns on the queenside, which will
allow him to get some counterplay. The further events of game have shown, that
Alexei has obviously underestimated White's attacking chances.} (19... Ne4 $5
20. Qf3 f5 21. Bg3 Ndf6 22. Be5 Qf7 $14 {White continues to have the advantage,
but nothing concrete yet.}) 20. e4 b5 21. f4 a5 22. e5 Nd5 23. f5 $40 b4 (23...
exf5 $2 24. Qf3 N7b6 25. Nxb5 $18 {[%csl Rd6][%cal Gb5d6]}) 24. axb4 axb4 25.
Nxd5 Qxd5 (25... exd5 $6 26. Be7 Rfe8 27. f6 $40 {[%csl Rg8]}) 26. f6 {Ivan
Sokolov could have won a pawn, but he preferred to continue the attack.} (26.
Be7 $5 Rfe8 27. Bxb4 exf5 28. Rxf5 Rcd8 29. Bc3 {+/=/+/-}) 26... g6 27. Qe3 Kh7
28. Bg5 Rh8 (28... hxg5 $4 29. Qh3+ Kg8 30. Qh6 $18) 29. Bxh6 Kg8 30. Bg7 $6 {
It was bad to let the rook go to "h5".} ({A more serious problem for Black was:
} 30. h4 $5 {[%csl Rg8][%cal Gh4h5]}) 30... Rh5 31. Rc1 ({The try to win the
game immediately does not succeed:} 31. Rf3 $2 Nxe5 {>< Rd1} 32. Rh3 Nd3 $19 {
That's why White removes his rook from the ties, however this gave Black a
chance to regroup his pieces.}) 31... Nb6 32. Rf3 Rd8 33. Rd1 c3 34. bxc3 {
Quite an unexpected decision.} (34. Rh3 $2 c2 35. Rc1 Rxh3 36. gxh3 Nc4 $19) ({
As GM Sergei Shipov said on "www.chesspro.ru" both sides could have continued
fighting.} 34. bxc3 $5 Nc4 (34... bxc3 $2 35. Qxc3 Rxe5 36. Rh3 Rh5 37. g4 $18)
35. Qe1 Nxe5 36. Rg3 b3 37. Rb1 (37. c4 $143 Nxc4 38. Rxb3 Nd6 $13 {[%csl Rg7]}
) 37... Nc6 38. Qd1 Na5 $13) 1/2-1/2